000 02901nam0a2200349 i 4500
001 RU\NLR\BIBL_A\010576227
005 20260407081817.0
010 _a978594672700
_9500
021 _aRU
_b2014-81343
_94959
035 _a(NLR Aleph) 010576227
090 _a10442938
_c10442938
100 _a20141224d2014 u y0rusy50 ca
101 0 _arus
102 _aRU
105 _aa|||j|||000yy
200 1 _aМодели и методы прикладных системных исследований
_e(практикум)
_eучебное пособие
_eдля студентов высших аграрных учебных заведений, обучающихся по направлениям 080100.62 "Экономика", 080500.62 "Бизнес-информатика", 230700.62 "Прикладная информатика", 230400.62 "Информационные системы и технологии"
_fМ-во сел. хоз-ва Рос. Федерации, Федер. гос. бюджет. образоват. учреждение высш. проф. образования "Кубан. гос. аграр. ун-т"
_g[Л. С. Болотова и др.]
_gпод ред.: проф., [д.э.н.] А. И. Трубилина, проф. И. А. Кацко
210 _aКраснодар
_cКубГАУ
_d2014
215 _a448 с.
_cил.
_d21
225 1 _aСерия: Вероятность, статистика и прикладные исследования в аграрном университете
320 _aБиблиогр.: с. 443-448 и в подстроч. примеч.
606 _aSTATISTICA, пакет прикладных программ
_jУчебные издания для высших учебных заведений
_92079886
_3RU\NLR\AUTH\661255786
606 _aMICROSOFT EXCEL, электронные таблицы
_jУчебные издания для высших учебных заведений
_92071197
_3RU\NLR\AUTH\661245948
606 _aDATA MINING, информационная система
_jУчебные издания для высших учебных заведений
_92243347
_3RU\NLR\AUTH\661345992
606 _aАнализ данных
_jУчебные издания для высших учебных заведений
_xАвтоматизация
_92228936
_3RU\NLR\AUTH\661337931
686 1 _aВ192.11с116я73-1
702 1 _4340
_8rus
_7ca
_aТрубилин
_bА.И.
_gАлександр Иванович
_3RU\NLR\AUTH\7725525
_98572
702 1 _4220
_8rus
_7ca
_aБолотова
_bЛ. С.
_gЛюдмила Сергеевна
_3RU\NLR\AUTH\77113899
_996824
712 0 2 _4570
_aКубанский государственный аграрный университет
_cКраснодар
_3RU\NLR\AUTH\887242
_9286550
942 _cBOOK
980 _aNBR